| 000 | 00640nam a22002057a 4500 | ||
|---|---|---|---|
| 003 | OSt | ||
| 005 | 20260423030605.0 | ||
| 008 | 260423b |||||||| |||| 00| 0 eng d | ||
| 020 | _a981-4119-82-2 | ||
| 040 |
_aDWCL-Main lib. _cOC |
||
| 082 |
_23rd ed. _aCirc. 620.1 B393e 2002 |
||
| 100 | _aBedford, Anthony | ||
| 245 |
_aEngineering mechanics: _bstatics and dynamics/ _cAnthony Bedford |
||
| 250 | _a3rd ed. | ||
| 260 |
_aU.S.A. : _bPrentice Hall, _cc2002. |
||
| 300 |
_axiii, 580 pages: _b illustrations; _c24 centimeters. |
||
| 504 | _aincludes index | ||
| 700 | _aFowler, Wallace | ||
| 942 |
_2ddc _cBK-CIRC _e3rd ed. _hCirc. _n0 |
||
| 999 |
_c9765 _d9765 |
||